00546 2200205 4500001002100000005001500021035002000036245007000056100001300126250000600139300003300145700002200178260003100200082001000231084001600241020002200257650002700279990001700306990001700323INLIS00000000000036920181011031335 a0010-10180000591 aSistem Rangka dan Otot /cSema Gul; Penerjemah, Astri K. Cil, S.S0 aSema Gul a- a32 hlm. :bilus. ;c28,5 cm.0 aAstri K. Cil, S.S aBogor :bYudhistira,c2007 a611.7 a611.7 SEM s a978-979-019-003-0 aSistem Otot dan Tulang a01457/P/2018 a01458/P/2018